Cuevas y carsos. (Registro nro. 1193)

Detalles MARC
000 -CABECERA
Campo de control 00903nam a2200289 i 4500
005 - FECHA Y HORA DE LA ULTIMA TRANSACCION
Campo de control 20160123145002.0
008 - ELEMENTOS DE LONGITUD FIJA—INFORMACION GENERAL
Campo de control 140226b1988 cu ||||| |||| 00| 0 spa d
040 ## - FUENTE DE CATALOGACIÓN
Agencia catalogadora original CO-BoIAVH
Agencia transcriptora CO-BoIAVH
041 ## - IDIOMA
Código de idioma para texto/pista de sonido o título separado Español
044 ## - PAÍS DE PUBLICACIÓN
País de publicación Cuba
082 04 - NUMERO DE CLASIFICACION DECIMAL DEWEY
Número de clasificación 551.447
Número del ítem N96c
100 1# - ASIENTO PRINCIPAL--NOMBRE PERSONAL
Nombre personal Nuñez Jiménez, Antonio
9 (RLIN) 11239
245 10 - MENCION DE TITULO
Título Cuevas y carsos.
260 ## - PUBLICACION, DISTRIBUCION, ETC. (PIE DE IMPRENTA)
Lugar de publicación, distribución, etc. La Habana :
Nombre del editor, distribuidor, etc. Ministerio de Cultura,
Fecha de publicación, distribución, etc. 1988.
300 ## - DESCRIPCION FISICA
Extensión 431 páginas
650 14 - ASIENTO SECUNDARIO DE MATERIA - TERMINO TEMATICO
Término temático o nombre geográfico como elemento de entrada Espeleología
9 (RLIN) 4156
650 24 - ASIENTO SECUNDARIO DE MATERIA - TERMINO TEMATICO
Término temático o nombre geográfico como elemento de entrada Cuevas
9 (RLIN) 54477
650 24 - ASIENTO SECUNDARIO DE MATERIA - TERMINO TEMATICO
Término temático o nombre geográfico como elemento de entrada Bioespeleología
9 (RLIN) 2655
650 24 - ASIENTO SECUNDARIO DE MATERIA - TERMINO TEMATICO
Término temático o nombre geográfico como elemento de entrada Diversidad biológica
9 (RLIN) 54478
650 24 - ASIENTO SECUNDARIO DE MATERIA - TERMINO TEMATICO
Término temático o nombre geográfico como elemento de entrada Ecología
9 (RLIN) 54479
700 1# - ASIENTO SECUNDARIO - NOMBRE PERSONAL
Nombre personal Viña Bayes, Nicasio,
Término de relación autor.
9 (RLIN) 11244
700 1# - ASIENTO SECUNDARIO - NOMBRE PERSONAL
Nombre personal Acevedo González, Manuel,
Término de relación autor.
9 (RLIN) 11245
700 1# - ASIENTO SECUNDARIO - NOMBRE PERSONAL
Nombre personal Rodríguez, José Mateo,
Término de relación autor.
9 (RLIN) 11246
700 1# - ASIENTO SECUNDARIO - NOMBRE PERSONAL
Nombre personal Iturralde Vinent, Manuel,
Término de relación autor.
9 (RLIN) 11247
700 1# - ASIENTO SECUNDARIO - NOMBRE PERSONAL
Nombre personal Graña González, Angel,
Término de relación autor.
9 (RLIN) 11248
942 ## - ELEMENTOS ADICIONALES (KOHA)
Tipo de ítem Libro
Sistema de clasificación Dewey Decimal Classification
Existencias
Withdrawn status Lost status Sistema de Clasificación Damaged status No para préstamo Colección Inventariado Ubicación Permanente Ubicación actual Fecha de adquisición Fuente de Valor Valor Total Checkouts Total Renewals Número topográfico Inventario / Código de Barras Checked out Date last seen Date checked out Ejemplar Price effective from Forma de adquisición Tipo de material
    Dewey Decimal Classification     General Inventariado 2017 Bogotá Bogotá 24/04/1999 Instituto 50000.00 2 2 LB-551.447 N96c 001623 03/02/2022 20/12/2021 20/12/2021 Ej. 1 04/12/2012   Libro